UBT Library

The entrepreneurial arch : (Record no. 1111)

000 -LEADER
fixed length control field 00664nam a22001937a 4500
008 - FIXED-LENGTH DATA ELEMENTS--GENERAL INFORMATION
fixed length control field 150713b xxu||||| |||| 00| 0 eng d
020 ## - INTERNATIONAL STANDARD BOOK NUMBER
International Standard Book Number 9781107424821
041 0# - LANGUAGE CODE
Language code of text/sound track or separate title eng
080 ## - UNIVERSAL DECIMAL CLASSIFICATION NUMBER
Universal Decimal Classification number 658.4
100 1# - Rafti
Rafti Faley, Timothy L.,
245 14 - TITLE STATEMENT
Title The entrepreneurial arch :
Statement of responsibility, etc Timothy L. Faley, University of the Virgin Island, St. Thomas
260 ## -
-- united Kingdom :
-- Cambridge University Press ;
-- 2015.
300 ## -
-- 294 f. :
-- me il. ;
-- 23 cm.
500 ## -
-- Preface: f. xi-xiii
505 ## -
-- Index: f. 292-294
650 #0 -
-- Ndërmarrësi
650 #0 -
-- Planifikim Biznesi
942 ## - ADDED ENTRY ELEMENTS (KOHA)
Source of classification or shelving scheme
Item type Books
Holdings
Withdrawn status Lost status Source of classification or shelving scheme Damaged status Not for loan Collection code Permanent location Current location Shelving location Date acquired Total Checkouts Full call number Date last seen Price effective from Koha item type
          Koleksioni i përgjithshem UBT - Prishtine UBT - Prishtine Koleksioni i përgjithshem 07/13/2015   658.4 FAL 07/13/2015 07/13/2015 Books
UBT Library © 2015-2024. All rights reserved University Education for Business and Technology